000 00381nam a2200157Ia 4500
008 220615s9999 xx 000 0 und d
020 _a9781543345711
041 _aeng
082 _a618.73
100 _aNEELAM KUMARI
_9458
245 _aTEXTBOOK OF APPLIED SOCIOLOGY
250 _aFIRST
260 _aJALANDHAR
_bPV PUBLICATION
_c2022
300 _a371
650 _aSOCIOLOGY
_9459
999 _c3039
_d3039